000 01311cam a2200325 4500
001
003 DO-SdBNP
005 20250117095246.0
008 080219s2006 sp | |||| 000 0 spa
015 _a
017 _a
_b
020 _a8449432448 obra completas
040 _a DO-SdBNP
_bspa
_cBPMSU
080 _a
082 4 _a372.372
_bE24s 2006
_222
100 _a
245 0 0 _aEducar la sexualidad /
_cdirección José Gay, Carlos Gispert ; ilustración Mercé Aránega, María Pascual; coordinación Elena Ó Callaghan i Duch.
_h
260 _aBarcelona :
_bGrupo Océno,
_c2006.
300 _a4 v. :
_bil.;
_c29 cm.
505 0 _gv. 1
_t María, Carlos y sus amigos --
_t El cuerpo y los sentidos --
_tSomos iguales, somos diferentes --
_tCrecemos : la pubertas.
_gv. 2
_tLas personas nos relacionamos --
_tVa a nacer un niño --
_t El respeto por el cuerpo
_tAl cerrar el libro.
_gv. 3-4. Educar los valores
650 7 _aEducación sexual de niños
_2
700 1 _aGispert, Carlos,
_edirección
700 1 _aGay, José,
_edirección
700 1 _aMercé Aránega,
_eilusutración
700 1 _aPascual, María
_eilustración
700 1 _aCallaghan i Duch, Elena Ó
_ecoordinador
710 2 _aGrupo océano
910 _aVMateo V. Control de calidad. BPMSU
942 _2ddc
_cBK
999 _c12450
_d12450